Quantitative cryofixation /

Bibliographic Details
Main Author: Bald, W. B.
Format: Book
Language:English
Published: Bristol ; Philadelphia : Hilger, [1987]
Subjects:

MARC

Tag First Indicator Second Indicator Subfields
LEADER 00000cam a2200000 a 4500
001 in00000007455
005 20151005080022.0
008 871217s1987 enka b 00110 eng d
010 |a gb 87027710  
015 |a GB87-27710 
020 |a 085274448X :  |c £32.00 : CIP confirmed 
035 |a (OCoLC)16085288 
035 |9 AAA1948AM 
040 |a UKM  |c UKM  |d TXA  |d UtOrBLW 
049 |a TXAM  |c [A12616636] 
050 4 |a QH324.9.C7  |b B34 1987 
100 1 |a Bald, W. B. 
245 1 0 |a Quantitative cryofixation /  |c W.B. Bald. 
264 1 |a Bristol ;  |a Philadelphia :  |b Hilger,  |c [1987] 
264 4 |c ©1987 
300 |a xviii, 185 pages :  |b illustrations ;  |c 24 cm. 
336 |a text  |b txt  |2 rdacontent 
337 |a unmediated  |b n  |2 rdamedia 
338 |a volume  |b nc  |2 rdacarrier 
504 |a Bibliography: pages 173-177. 
500 |a Includes index. 
650 0 |a Cryobiology  |x Technique. 
650 0 |a Freeze-drying. 
650 0 |a Microscopes. 
650 0 |a Microscopy. 
999 |a MARS 
999 f f |s a2c34811-107c-3cef-b23c-421c70cb098b  |i 50bf5539-e90a-3300-ae11-45649bc78b08  |t 0 
952 f f |p ric  |a Texas A&M University  |b Rellis Campus  |c Joint Library Facility  |d Remote Storage  |t 0  |e QH324.9.C7 B34 1987  |h Library of Congress classification  |i unmediated -- volume  |m A14812616636 
998 f f |a QH324.9.C7 B34 1987  |t 0  |l Remote Storage